000 00432nam a2200157Ia 4500
008 230711s9999||||xx |||||||||||||| ||und||
041 _aENG
082 _a624
_bDO-S
100 _aDonahue,Roy Luther
245 0 _aSoil : introduction to soil and plant growth
250 _a1st . Ed.
260 _c1983
_aNew Delhi
_bPrentice-Hall of India Private Limited
650 _aCivil Engineering
700 _aMiller,Raymond W
942 _cBK
999 _c3556
_d3556